Agropecuaria : (Registro nro. 7290)

Detalles MARC
000 -LIDER
fixed length control field 00939nam a2200277 a 4500
001 - NÚMERO DE CONTROL
Identificador de número de control 000044911
003 - IDENTIFICACDOR DE NÚMERO DE CONTROL
control field DO-SdBNP
005 - DATE AND TIME OF LATEST TRANSACTION
control field 20180315093926.0
007 - CAMPOS FIJOS DE DESCRIPCIÓN FÍSICA
fixed length control field 000044911
008 - ELEMENTOS DE LONGITUD FIJA
fixed length control field 150119s2002 dr a 000 0 spa d
020 ## - ISBN
International Standard Book Number 9993487384
040 ## - FUENTE DE CATALOGACIÓN
Agencia que crea de manera original el registro BPMET
Idioma de catalogación spa
Agencia que realiza la transcripción BPMET
092 ## - LOCALLY ASSIGNED DEWEY DECIMAL CALL NUMBER
Número de clasificación xxxxxxx
Número de ítem (Cutter) xxxxxxx
100 ## - ASIENTO PRINCIPAL -- NOMBRE PERSONAL
Término de relación Padilla, Waldo
245 00 - MENCIÓN DE TITULO
Título Agropecuaria :
Subtítulo educación media /
Mención de responsabilidad Waldo Padilla, Marcos Morales ; ilustración Ruddy Núñez
260 ## - PUBLICACIÓN, DISTRIBUCIÓN, ETC. (PIE DE IMPRENTA)
Lugar de publicación, distribución, etc Santo Domingo :
Nombre del editor, distribuidor, etc. Santillada,
Fecha de publicación, distribución, etc 2002.
300 ## - DESCRIPCIÓN FÍSICA
Extensión 127 p. :
Otros detalles físicos il.:
Dimensiones 28 cm.
490 1# - MENCIÓN DE SERIES
Mención de serie Umbral
505 0# - NOTA DE CONTENIDO
Título El sector agropecuario --
-- Los sistemas agrarios --
-- La agricultura --
-- El bosque y la ecología --
-- Pecuaria, acuacultura y agricultura urbana --
700 ## - ASIENTO SECUNDARIO -- NOMBRE PERSONAL
Término de relación Morales, Marcos
700 ## - ASIENTO SECUNDARIO -- NOMBRE PERSONAL
Término de relación Núñez, Ruddy
Nombre personal il.
830 #0 - ASIENTO SECUNDARIO DE SERIE--TÍTULO UNIFORME
Título uniforme Umbral
942 ## - ADDED ENTRY ELEMENTS (KOHA)
Source of classification or shelving scheme Dewey Decimal Classification
Koha item type Libros
945 ## - INFORMACIÓN DE PROCESAMIENTO LOCAL
Información de procesamiento local Remanejado para la BNPHU / 2018 VM
956 ## - LOCAL ELECTRONIC LOCATION AND ACCESS (OCLC)
Nombre de host VMATEO
Número de acceso 10
Información de compresión 20150706
Inicio de sesión BPMSU
Procesador de solicitud 0069
Existencias
Withdrawn status Lost status Source of classification or shelving scheme Damaged status Not for loan Collection code Home library Current library Date acquired Total Checkouts Barcode Date last seen Copy number Price effective from Koha item type
    Dewey Decimal Classification     Colección Escolar Biblioteca Pública Metropolitana Salomé Ureña Biblioteca Pública Metropolitana Salomé Ureña 01/30/2015   BPMET15040936 01/30/2015 01/30/2015 Libros
    Dewey Decimal Classification     Colección Escolar Biblioteca Pública Metropolitana Salomé Ureña Biblioteca Pública Metropolitana Salomé Ureña 01/30/2015   BPMET15040937 01/30/2015 2 ej. 01/30/2015 Libros